| 000 | 00402nam a2200145Ia 4500 | ||
|---|---|---|---|
| 008 | 231129s1985||||xx |||||||||||||| ||spa|| | ||
| 020 | _a958-612-007-4 | ||
| 040 | _bspa | ||
| 082 | _aCo861.44 / L555s | ||
| 100 | _aLemos Dario | ||
| 245 | 0 | _aSinfonias para maquina de escribir | |
| 260 | _c1985 | ||
| 264 | _aInstituto Colombiano de Cultura | ||
| 942 |
_2ddc _cBKS |
||
| 999 |
_c24657 _d24657 |
||